[Event "ICS rated blitz match"]
[Site "204.178.125.65"]
[Date "2000.12.06"]
[Round "?"]
[White "salzi"]
[Black "Hossa"]
[Result "0-1"]
[WhiteElo "2033"]
[BlackElo "2515"]
[PlyCount "40"]
[EventDate "2000.??.??"]

1. d4 d5 2. c4 e6 3. Nc3 c5 4. cxd5 exd5 5. Bf4 Nf6 6. Nf3 cxd4 7. Nxd4 Be7 8.
e3 O-O 9. Bd3 Nc6 10. Nf5 Bxf5 11. Bxf5 d4 12. exd4 Nxd4 13. Bd3 Qb6 14. Rb1
Qe6+ 15. Be2 Rfd8 16. O-O Nf3+ 17. Bxf3 Rxd1 18. Rfxd1 Bc5 19. Bxb7 Bxf2+ 20.
Kxf2 Qb6+ {salzi resigns} 0-1

[Event "ICS rated blitz match"]
[Site "204.178.125.65"]
[Date "2000.12.06"]
[Round "?"]
[White "Hossa"]
[Black "kako"]
[Result "1-0"]
[WhiteElo "2521"]
[BlackElo "2003"]
[PlyCount "55"]
[EventDate "2000.??.??"]

1. e4 e5 2. Bc4 Nf6 3. d3 c6 4. Nf3 d6 5. Nc3 Be7 6. Bg5 Nbd7 7. O-O h6 8. Be3
g5 9. a3 Nf8 10. d4 Qc7 11. dxe5 dxe5 12. Qe2 Ng6 13. Rfd1 Bg4 14. h3 Bd7 15.
Rd3 Nf4 16. Bxf4 gxf4 17. Rad1 Rg8 18. Nh4 Rd8 19. Nf5 Bxf5 20. Rxd8+ Bxd8 21.
exf5 Qe7 22. Ne4 Nxe4 23. Qxe4 Bc7 24. a4 Rg5 25. Qd3 Qd8 26. Bxf7+ Kxf7 27.
Qb3+ Kf6 28. Qe6+ {kako resigns} 1-0

[Event "ICS rated blitz match"]
[Site "204.178.125.65"]
[Date "2000.12.06"]
[Round "?"]
[White "kaisser"]
[Black "Hossa"]
[Result "0-1"]
[WhiteElo "1921"]
[BlackElo "2523"]
[PlyCount "24"]
[EventDate "2000.??.??"]

1. e4 c5 2. Nf3 e6 3. c3 d5 4. e5 Nc6 5. d4 Nge7 6. Bd3 cxd4 7. cxd4 Nf5 8. Be3
Qb6 9. Nc3 Nxe3 10. fxe3 Qxb2 11. Nb5 Qxg2 12. Rg1 Bb4+ {kaisser resigns} 0-1

[Event "ICS rated standard match"]
[Site "204.178.125.65"]
[Date "2000.12.06"]
[Round "?"]
[White "taxadviser"]
[Black "Hossa"]
[Result "1-0"]
[WhiteElo "2461"]
[BlackElo "2359"]
[PlyCount "123"]
[EventDate "2000.??.??"]

1. e4 c5 2. Nf3 e6 3. d4 cxd4 4. Nxd4 Nf6 5. Nc3 Nc6 6. Ndb5 d6 7. Bf4 e5 8.
Bg5 a6 9. Na3 b5 10. Bxf6 gxf6 11. Nd5 f5 12. Bd3 Be6 13. O-O Bg7 14. Qh5 Rb8
15. Rad1 h6 16. c4 fxe4 17. Bxe4 bxc4 18. Nxc4 Nd4 19. f4 Rb5 20. a4 Rc5 21.
Ncb6 exf4 22. b4 Rc6 23. a5 O-O 24. Nxf4 Rc7 25. Nbd5 Rd7 26. Nxe6 fxe6 27. Qg6
Ne2+ 28. Kh1 Rff7 29. Qxe6 Nd4 30. Qg6 Qg5 31. Nf6+ Rxf6 32. Qe8+ Rf8 33. Rxf8+
Bxf8 34. Qxd7 Qg7 35. Qxg7+ Bxg7 36. Bb7 Kf8 37. Bxa6 Nc6 38. Rxd6 Nxb4 39. Be2
Be5 40. Rxh6 Bd4 41. a6 Be3 42. Rh8+ Kg7 43. Re8 Bf2 44. a7 Bxa7 45. Re7+ Kf6
46. Rxa7 Nd5 47. g3 Nc3 48. Bf3 Nb5 49. Ra6+ Kg7 50. h4 Nd4 51. Kg2 Kh8 52. g4
Nc2 53. g5 Ne1+ 54. Kg3 Nd3 55. h5 Kg8 56. h6 Kf8 57. g6 Ke7 58. g7 Ne5 59.
g8=Q Nf7 60. Qg7 Ke8 61. Ra7 Nxh6 62. Qe7# {Hossa checkmated} 1-0

[Event "ICS rated blitz match"]
[Site "204.178.125.65"]
[Date "2000.12.06"]
[Round "?"]
[White "Yace"]
[Black "Hossa"]
[Result "1/2-1/2"]
[WhiteElo "2718"]
[BlackElo "2524"]
[PlyCount "289"]
[EventDate "2000.??.??"]

1. Nf3 Nf6 2. c4 c5 3. Nc3 Nc6 4. e3 e6 5. d4 d5 6. a3 cxd4 7. exd4 Be7 8. Bd3
dxc4 9. Bxc4 O-O 10. O-O Bd7 11. Bf4 Rc8 12. Rc1 Na5 13. Bd3 Bc6 14. Be5 Bxf3
15. Qxf3 Nc6 16. Rfd1 Qa5 17. Nb5 a6 18. b4 Qd8 19. Nc3 Qd7 20. Qh3 h6 21. Qg3
Rfd8 22. Qe3 Nh5 23. Be4 Nf6 24. Bxf6 Bxf6 25. d5 Bxc3 26. Rxc3 exd5 27. Bxd5
Re8 28. Qd2 Rcd8 29. Rd3 Qf5 30. g3 Ne5 31. Re3 Qh5 32. f4 Ng4 33. Rxe8+ Rxe8
34. Bf3 b6 35. Rc1 Qf5 36. Qd4 b5 37. Qa7 Ne5 38. Bb7 Ng4 39. Bc6 Qc8 40. Qd7
Rd8 41. Qxc8 Rxc8 42. Rc5 Ne3 43. Bb7 Rxc5 44. bxc5 a5 45. Kf2 Ng4+ 46. Ke2 Nf6
47. c6 Ne8 48. Kd3 Kf8 49. Kd4 Ke7 50. Kc5 b4 51. axb4 axb4 52. Kxb4 Kd6 53.
Kb5 Nc7+ 54. Ka5 Nd5 55. Ka6 Nc3 56. Ka5 Nd5 57. Ka6 Nc3 58. Kb6 Nd5+ 59. Ka5
Kc7 60. Kb5 Ne3 61. Kc5 Nf1 62. Ba6 Nxh2 63. Bc4 f5 64. Bd3 g6 65. Bc4 Ng4 66.
Bf7 g5 67. Bg6 gxf4 68. gxf4 Ne3 69. Be8 Ng2 70. Bd7 h5 71. Be6 h4 72. Bxf5
Nxf4 73. Kd4 Kxc6 74. Be4+ Kd6 75. Bf5 Nh5 76. Ke3 Ke5 77. Be4 Kf6 78. Bd5 Kg5
79. Bc6 Nf4 80. Ke4 Ng2 81. Bd5 Kg4 82. Be6+ Kg3 83. Bf5 Nf4 84. Bd7 Ne2 85.
Bf5 Nc3+ 86. Ke3 Na2 87. Ke4 Nb4 88. Be6 Na6 89. Bf5 Nc5+ 90. Ke3 Nb3 91. Ke4
Na5 92. Be6 Nb7 93. Ke3 Nd6 94. Bd5 h3 95. Ba8 h2 96. Bd5 Nf5+ 97. Ke2 Nh4 98.
Bh1 Ng2 99. Kf1 Nf4 100. Be4 Nh3 101. Ke2 Ng5 102. Bd5 Nh7 103. Ke3 Nf6 104.
Bc6 Nd7 105. Bd5 Ne5 106. Be4 Ng4+ 107. Ke2 Nh6 108. Bd5 Nf5 109. Ke1 Nd6 110.
Ke2 Ne8 111. Ke3 Nc7 112. Bc6 Ne6 113. Bd5 Nf4 114. Bh1 Ng2+ 115. Ke2 Nh4 116.
Ke3 Nf5+ 117. Ke2 Ne7 118. Be4 Nc8 119. Ke3 Nb6 120. Kd4 Nd7 121. Ke3 Ne5 122.
Bb7 Ng4+ 123. Ke2 Nf6 124. Ke3 Nh5 125. Bd5 Kh3 126. Be6+ Kg2 127. Bd5+ Kf1
128. Bc4+ Kg1 129. Bd5 Nf6 130. Bc6 Ng4+ 131. Ke2 Nh6 132. Bd5 Nf5 133. Ke1 Nh4
134. Bh1 Ng2+ 135. Ke2 Nf4+ 136. Kf3 Nh5 137. Bg2 Nf6 138. Kg3 Ng4 139. Bd5 Ne3
140. Bc6 Nf5+ 141. Kf4 Nd4 142. Bd5 Nc2 143. Bc6 Ne1 144. Kg3 h1=Q 145. Bxh1 {
Game drawn because neither player has mating material} 1/2-1/2

[Event "ICS rated standard match"]
[Site "204.178.125.65"]
[Date "2000.12.06"]
[Round "?"]
[White "Hossa"]
[Black "diep"]
[Result "0-1"]
[WhiteElo "2348"]
[BlackElo "2496"]
[PlyCount "114"]
[EventDate "2000.??.??"]

1. e4 d5 2. exd5 Qxd5 3. Nc3 Qa5 4. d4 c6 5. Nf3 Nf6 6. Bc4 Bf5 7. Ne5 e6 8. g4
Bg6 9. Bd2 Qb6 10. Qe2 Qxd4 11. O-O-O Nbd7 12. Nxd7 Qxd7 13. Bf4 Qe7 14. Nb5
Nd5 15. Bxd5 exd5 16. Nc7+ Kd7 17. Qxe7+ Bxe7 18. Nxa8 Rxa8 19. Rhe1 h5 20. h3
Rh8 21. Re2 hxg4 22. hxg4 Bc5 23. c4 Rh4 24. f3 Rh3 25. Be3 Bd6 26. Rf2 dxc4
27. Bxa7 Bd3 28. f4 c5 29. Rg1 Rh8 30. b4 cxb4 31. Bd4 Rh3 32. Re1 g6 33. Be3
c3 34. Bd4 f5 35. g5 Be4 36. Be3 Kc7 37. Kd1 b6 38. Kc1 b3 39. axb3 Ba3+ 40.
Kd1 Bb4 41. Rc2 Kc6 42. Kc1 Ba3+ 43. Kb1 Kb5 44. Bc1 Bxc2+ 45. Kxc2 Rh2+ 46.
Kb1 Bd6 47. Be3 Kb4 48. Ka1 Ka3 49. Bd4 Bb4 50. Rc1 Rd2 51. Kb1 Rxd4 52. Rc2
Rd1+ 53. Rc1 Rd2 54. Re1 Kxb3 55. Rh1 c2+ 56. Kc1 Rd3 57. Rg1 Bd2# {
Hossa checkmated} 0-1

[Event "ICS rated blitz match"]
[Site "204.178.125.65"]
[Date "2000.12.06"]
[Round "?"]
[White "Hossa"]
[Black "brutus"]
[Result "1-0"]
[WhiteElo "2524"]
[BlackElo "2174"]
[PlyCount "115"]
[EventDate "2000.??.??"]

1. d4 Nf6 2. c4 e6 3. Nc3 d5 4. e3 Be7 5. Nf3 O-O 6. Be2 b6 7. Ne5 Bb7 8. cxd5
Nxd5 9. Bf3 Nxc3 10. bxc3 c6 11. O-O Qc7 12. e4 Nd7 13. Nd3 Nf6 14. Bf4 Qc8 15.
c4 Rd8 16. e5 Ne8 17. Be3 Nc7 18. Qc2 Qd7 19. Be4 g6 20. Rab1 Ba6 21. Rfd1 Rac8
22. a4 Rb8 23. Bf3 Ne8 24. Nb4 Bxb4 25. Rxb4 Qc7 26. Rbb1 Rd7 27. Qc3 Rbd8 28.
Bg5 Rb8 29. Bh6 Rbd8 30. Rd3 Bb7 31. Bg5 Rb8 32. Bg4 Ba8 33. Rd2 a6 34. Ra2 b5
35. axb5 axb5 36. Rba1 Qb7 37. Be2 Nc7 38. Ra7 Qc8 39. Bf6 bxc4 40. Bxc4 Nd5
41. Qf3 Rxa7 42. Rxa7 Bb7 43. Bxd5 cxd5 44. Ra1 Ra8 45. Rf1 Ba6 46. Re1 Bc4 47.
Qf4 Ra2 48. Rb1 Ra8 49. h4 Bd3 50. Rc1 Bc4 51. h5 Kf8 52. Qh6+ Ke8 53. Qxh7
gxh5 54. Qg8+ Kd7 55. Qxf7+ Kc6 56. Rb1 Ra6 57. Qe7 Qd7 58. Qc5# {
brutus checkmated} 1-0

[Event "ICS rated blitz match"]
[Site "204.178.125.65"]
[Date "2000.12.06"]
[Round "?"]
[White "kako"]
[Black "Hossa"]
[Result "0-1"]
[WhiteElo "1948"]
[BlackElo "2528"]
[PlyCount "140"]
[EventDate "2000.??.??"]

1. e4 d5 2. exd5 Qxd5 3. Nc3 Qa5 4. d4 c6 5. Bc4 Bf5 6. Nge2 b5 7. Bb3 e6 8.
O-O b4 9. Nb1 Nf6 10. Ng3 Bg6 11. Nd2 Qc7 12. Nc4 Nbd7 13. Re1 Be7 14. Qf3 Nd5
15. Ne4 O-O 16. Qg3 Qxg3 17. hxg3 N7f6 18. Nxf6+ Bxf6 19. Ne5 Bxe5 20. Rxe5
Rfd8 21. Bd2 Nf6 22. c3 Ne4 23. Be1 bxc3 24. bxc3 Nf6 25. f3 Kf8 26. Rc5 Rac8
27. Ba4 Bd3 28. Rxc6 Rxc6 29. Bxc6 Rb8 30. Ba4 Rb2 31. Bb3 Nd5 32. Rd1 Ba6 33.
c4 Ne3 34. Bb4+ Ke8 35. Rd2 Rb1+ 36. Kf2 Nxc4 37. Bxc4 Bxc4 38. a3 Kd7 39. Bc5
a5 40. Rc2 Bd3 41. Rd2 Rb3 42. Ke3 Bc4+ 43. Kf2 Kc6 44. g4 Kd5 45. Bf8 g6 46.
g5 a4 47. Be7 Rb1 48. Bf8 Bb5 49. Ke3 Rb3+ 50. Kf4 Bd3 51. Bc5 e5+ 52. Ke3 Kc4
53. Be7 exd4+ 54. Kf4 Rb7 55. Bb4 Rb8 56. Ke5 Rb5+ 57. Kf6 Rf5+ 58. Kg7 Rxg5
59. Kxh7 Bf1 60. g4 d3 61. Kg7 Be2 62. Kxf7 Bxf3 63. Kf6 Rxg4 64. Rf2 Be2 65.
Ke5 Kb3 66. Rf8 Rxb4 67. axb4 d2 68. Rd8 d1=Q 69. Rxd1 Bxd1 70. b5 Bf3 {
kako resigns} 0-1

[Event "ICS rated blitz match"]
[Site "204.178.125.65"]
[Date "2000.12.06"]
[Round "?"]
[White "kako"]
[Black "Hossa"]
[Result "1/2-1/2"]
[WhiteElo "1952"]
[BlackElo "2529"]
[PlyCount "112"]
[EventDate "2000.??.??"]

1. e4 d5 2. exd5 Qxd5 3. Nc3 Qa5 4. d4 c6 5. Bc4 Bf5 6. Nf3 Nf6 7. O-O e6 8.
Bd2 Bb4 9. a3 Bxc3 10. Bxc3 Qc7 11. b4 O-O 12. Ne5 Nbd7 13. Nxd7 Qxd7 14. Qd2
Ne4 15. Qe3 Nxc3 16. Qxc3 Rfd8 17. Rad1 Qe7 18. Qb2 Qg5 19. Rfe1 Bh3 20. Bf1
Bg4 21. Rc1 Qf4 22. c3 Bf5 23. Rcd1 Rd7 24. g3 Qg4 25. Qe2 Qg6 26. Bg2 Bg4 27.
f3 Bf5 28. Ra1 h5 29. a4 h4 30. Qf2 hxg3 31. hxg3 Bd3 32. a5 Qh5 33. f4 Bf5 34.
a6 Rc8 35. axb7 Rxb7 36. Re5 Qh7 37. Qf3 Qg6 38. Rc5 Rbc7 39. Ra6 Rd8 40. Raxc6
Rxc6 41. Rxc6 Bg4 42. Qe4 Bf5 43. Qe3 Qh5 44. Rc5 Qd1+ 45. Kf2 Bd3 46. Qe1 Qc2+
47. Kg1 Bf5 48. Bf3 Qd3 49. Qe2 Qb1+ 50. Kg2 Bd3 51. Qd1 Qb2+ 52. Kg1 Bc2 53.
Qd2 Qb1+ 54. Kg2 Bd3 55. Qd1 Qb2+ 56. Kg1 Bc2 {Game drawn by mutual agreement}
1/2-1/2

[Event "ICS rated blitz match"]
[Site "204.178.125.65"]
[Date "2000.12.06"]
[Round "?"]
[White "kako"]
[Black "Hossa"]
[Result "0-1"]
[WhiteElo "1948"]
[BlackElo "2514"]
[PlyCount "58"]
[EventDate "2000.??.??"]

1. d4 d5 2. Nf3 Nf6 3. Bg5 Ne4 4. Bf4 c5 5. dxc5 e6 6. c3 Bxc5 7. e3 f6 8. Nbd2
e5 9. Bg3 Nxg3 10. hxg3 Nc6 11. Be2 Be6 12. Qc2 f5 13. Rd1 Bd6 14. O-O O-O 15.
Rfe1 Qf6 16. Nh2 Rfc8 17. Qb1 Rd8 18. Bf3 Qg5 19. Nb3 e4 20. Be2 h5 21. Nd4
Nxd4 22. cxd4 Bb4 23. Rf1 h4 24. gxh4 Qxh4 25. g3 Qh3 26. a3 Ba5 27. Rc1 Kf7
28. f3 Qxg3+ 29. Kh1 Rh8 {kako resigns} 0-1

[Event "ICS rated blitz match"]
[Site "204.178.125.65"]
[Date "2000.12.06"]
[Round "?"]
[White "Hossa"]
[Black "kako"]
[Result "1-0"]
[WhiteElo "2515"]
[BlackElo "1947"]
[PlyCount "145"]
[EventDate "2000.??.??"]

1. e4 e5 2. Bc4 Nf6 3. d3 c6 4. Nf3 d6 5. Nc3 Be7 6. Bg5 Nbd7 7. O-O h6 8. Be3
Ng4 9. a4 Nxe3 10. fxe3 a5 11. d4 O-O 12. Qe2 Bf6 13. Qf2 Qe7 14. Nd2 Nb6 15.
Bb3 Bg4 16. h3 Bc8 17. Nf3 Bd7 18. Ba2 Rad8 19. Kh1 Bc8 20. Bb3 Bd7 21. Ra2 Bc8
22. Ra3 Qc7 23. Raa1 Qe7 24. Kg1 Bd7 25. Ra2 Bc8 26. Ra3 Qc7 27. Raa1 Qe7 28.
Rad1 Rde8 29. Rd2 Rd8 30. Ba2 Rfe8 31. Rdd1 Rf8 32. Rb1 Kh8 33. Ra1 Kg8 34.
Rac1 Kh8 35. Bb3 Kg8 36. Rce1 Kh8 37. Rd1 Kg8 38. Qg3 Kh8 39. Ra1 Kg8 40. Ba2
Kh8 41. Rad1 Kg8 42. Rd2 Kh8 43. Qf2 Kg8 44. Rd3 Kh8 45. Bb3 Kg8 46. Kh1 Kh8
47. Rd2 Kg8 48. Qe1 Kh8 49. Rdf2 Qc7 50. Qd2 Kg8 51. Ne2 Nd7 52. Bc4 Qb6 53.
Qc3 Qb4 54. Qxb4 axb4 55. a5 Nb8 56. Ng3 Be6 57. Bxe6 fxe6 58. h4 Na6 59. Nh5
Nc7 60. Nxf6+ gxf6 61. g4 Rf7 62. Nd2 Rdf8 63. Kh2 Nb5 64. Nb3 Kg7 65. Kg2 Kg6
66. Kg3 exd4 67. exd4 f5 68. h5+ Kg5 69. Rf4 Rf6 70. e5 R6f7 71. Nd2 Nxd4 72.
Rxd4 dxe5 73. Rxb4 {kako resigns} 1-0

[Event "ICS rated standard match"]
[Site "204.178.125.65"]
[Date "2000.12.06"]
[Round "?"]
[White "Hossa"]
[Black "diep"]
[Result "0-1"]
[WhiteElo "2341"]
[BlackElo "2518"]
[PlyCount "172"]
[EventDate "2000.??.??"]

1. e4 Nf6 2. e5 Nd5 3. d4 d6 4. Nf3 Bg4 5. Be2 e6 6. O-O Be7 7. h3 Bh5 8. c4
Nb6 9. exd6 cxd6 10. Nc3 O-O 11. b3 Nc6 12. Bf4 d5 13. c5 Nd7 14. Ne5 Bxe2 15.
Nxc6 bxc6 16. Nxe2 Re8 17. Qd2 Nf8 18. Nc1 Bf6 19. Re1 Ng6 20. Bd6 a5 21. Qc3
a4 22. bxa4 Qa5 23. Qxa5 Rxa5 24. Nb3 Rxa4 25. Red1 Rea8 26. Rd2 Bg5 27. Re2 h6
28. Kh2 Bf6 29. Rd2 e5 30. g3 Bg5 31. f4 exf4 32. g4 Nh4 33. Kh1 Re8 34. Rf1
Re3 35. Bxf4 Rxh3+ 36. Rh2 Rxh2+ 37. Bxh2 Rxa2 38. Bg3 g6 39. Rf2 Ra3 40. Rb2
f5 41. Bxh4 Bxh4 42. gxf5 gxf5 43. Kg2 Bf6 44. Kf2 f4 45. Rb1 Kf7 46. Kf3 Bxd4
47. Kxf4 Bf6 48. Kf5 Ra2 49. Rh1 Bg7 50. Rh4 Rf2+ 51. Kg4 Rb2 52. Na5 Ke6 53.
Rh3 Rg2+ 54. Kf3 Rc2 55. Nxc6 Rxc5 56. Nb4 Rc3+ 57. Kg2 Rxh3 58. Kxh3 d4 59.
Kg4 Bf8 60. Nd3 Bd6 61. Kh5 Kf5 62. Kxh6 Ke4 63. Nf2+ Ke3 64. Nd1+ Kd2 65. Nf2
Ke2 66. Ne4 Bb4 67. Kg5 Ke3 68. Ng3 Kf3 69. Nf5 d3 70. Nd4+ Ke4 71. Nb3 Kd5 72.
Kf4 Kc4 73. Ke4 Kc3 74. Ke3 Bf8 75. Ke4 Bh6 76. Nd4 d2 77. Nb5+ Kb4 78. Nc7
d1=Q 79. Ke5 Qe2+ 80. Kf6 Kc5 81. Kf7 Qe4 82. Kf6 Kd6 83. Nb5+ Kd7 84. Nd4 Qd5
85. Kg6 Qg5+ 86. Kf7 Qg7# {Hossa checkmated} 0-1

[Event "ICS rated blitz match"]
[Site "204.178.125.65"]
[Date "2000.12.07"]
[Round "?"]
[White "Mart7"]
[Black "Hossa"]
[Result "0-1"]
[WhiteElo "1960"]
[BlackElo "2516"]
[PlyCount "72"]
[EventDate "2000.??.??"]

1. e4 Nf6 2. d3 e5 3. g3 d5 4. Nd2 dxe4 5. dxe4 Bc5 6. h3 O-O 7. Bg2 Qe7 8. c3
Rd8 9. Qe2 Nc6 10. b4 Bd6 11. a3 a5 12. b5 Na7 13. a4 b6 14. Nc4 Bb7 15. Nxd6
Qxd6 16. Ba3 Qd3 17. Qxd3 Rxd3 18. Ne2 Bxe4 19. Bxe4 Nxe4 20. O-O Rad8 21. Rfe1
Ng5 22. Kg2 Nf3 23. Rec1 Nc8 24. Ng1 Nd2 25. Rc2 Nc4 26. Bc1 N8d6 27. Nf3 Ne4
28. Re2 f5 29. Bg5 R8d7 30. Rae1 Rxf3 31. Kxf3 Nxg5+ 32. Kg2 Rd3 33. Rc1 f4 34.
Ree1 fxg3 35. fxg3 Rd2+ 36. Kh1 Nf3 {Mart7 resigns} 0-1

[Event "ICS rated blitz match"]
[Site "204.178.125.65"]
[Date "2000.12.07"]
[Round "?"]
[White "Hossa"]
[Black "Mart7"]
[Result "1-0"]
[WhiteElo "2517"]
[BlackElo "1959"]
[PlyCount "81"]
[EventDate "2000.??.??"]

1. d4 e6 2. g3 Nf6 3. Nf3 d5 4. Bg2 b6 5. O-O Bb7 6. c4 Nbd7 7. cxd5 exd5 8.
Bf4 Be7 9. Nc3 O-O 10. Nb5 c6 11. Nd6 Bxd6 12. Bxd6 Re8 13. Re1 Re6 14. Bf4 h6
15. Qc2 c5 16. Bh3 Re8 17. Bd6 g5 18. Bf5 Rc8 19. Qa4 a6 20. Ne5 b5 21. Qd1 c4
22. Qc2 Ra8 23. Nxd7 Nxd7 24. Qd2 Nf6 25. Be5 Nd7 26. f4 Nxe5 27. fxe5 Bc8 28.
Rf1 Bxf5 29. Rxf5 Re6 30. Raf1 Ra7 31. e3 Rg6 32. Qf2 Qe8 33. Qf3 Qe6 34. a3 a5
35. Qh5 Ra6 36. Rxf7 Qxf7 37. Rxf7 Kxf7 38. Qf3+ Ke7 39. Qxd5 Rab6 40. Qc5+ Kd7
41. d5 {Mart7 resigns} 1-0

[Event "ICS rated blitz match"]
[Site "204.178.125.65"]
[Date "2000.12.07"]
[Round "?"]
[White "Mart7"]
[Black "Hossa"]
[Result "0-1"]
[WhiteElo "1958"]
[BlackElo "2518"]
[PlyCount "68"]
[EventDate "2000.??.??"]

1. d4 d5 2. Nf3 Nf6 3. Bg5 Ne4 4. Bf4 c5 5. e3 Qb6 6. Qc1 e6 7. c3 cxd4 8. exd4
f6 9. Nbd2 e5 10. Bg3 Nxg3 11. hxg3 Be6 12. Be2 Nd7 13. O-O Be7 14. Rd1 O-O 15.
b4 Rfc8 16. Qb2 a5 17. a3 Qc7 18. Rac1 e4 19. Ne1 e3 20. fxe3 axb4 21. axb4 Nb6
22. Nb3 Na4 23. Qd2 Nxc3 24. Bf3 Bxb4 25. Nc5 Nxd1 26. Qxd1 Ba3 27. Rc2 Bxc5
28. Rxc5 Qxg3 29. Nd3 Rxc5 30. Nxc5 Qg5 31. Qb3 Ra1+ 32. Kf2 Qh4+ 33. Ke2 Re1+
34. Kd3 Qf2 {Mart7 resigns} 0-1

[Event "ICS rated blitz match"]
[Site "204.178.125.65"]
[Date "2000.12.07"]
[Round "?"]
[White "Hossa"]
[Black "ChesterX"]
[Result "1/2-1/2"]
[WhiteElo "2519"]
[BlackElo "2552"]
[PlyCount "215"]
[EventDate "2000.??.??"]

1. d4 d5 2. c4 dxc4 3. e4 e5 4. Nf3 Bb4+ 5. Bd2 Bxd2+ 6. Qxd2 exd4 7. Qxd4 Nf6
8. Qxd8+ Kxd8 9. Nc3 Be6 10. Ng5 Nbd7 11. f4 h6 12. Nxe6+ fxe6 13. Bxc4 e5 14.
g3 Re8 15. Bf7 Re7 16. Bg6 c6 17. O-O-O Kc7 18. Rhe1 Rd8 19. Kc2 Re6 20. fxe5
Nxe5 21. Rxd8 Kxd8 22. Bf5 Re8 23. Rd1+ Ke7 24. h4 g6 25. Bh3 Rf8 26. Rf1 Nc4
27. Re1 Nh5 28. b3 Ne5 29. Re3 Rf2+ 30. Kd1 Kd6 31. Ne2 Nf6 32. Kd2 Nf3+ 33.
Kc3 Ke5 34. Kd3 g5 35. hxg5 hxg5 36. Bf5 Nh2 37. Nd4 Rxa2 38. Nc2 Nh5 39. Bg6
Nf1 40. Bxh5 Rxc2 41. Rf3 Rd2+ 42. Kc3 Rh2 43. Rxf1 Rxh5 44. Kd3 g4 45. Rf4 Rh1
46. Rf5+ Ke6 47. Rf4 Rd1+ 48. Kc2 Rd7 49. Rxg4 Ke5 50. Kc3 Rf7 51. Kc4 a5 52.
Rg5+ Kxe4 53. Rxa5 Rg7 54. b4 Rxg3 55. b5 Re3 56. bxc6 bxc6 57. Rc5 Re2 58.
Rxc6 Rc2+ 59. Kb5 Ra2 60. Kc5 Ke5 61. Kb6 Rb2+ 62. Kc5 Rb1 63. Kc4 Rc1+ 64. Kb5
Rg1 65. Kc5 Rg7 66. Kb6 Kd5 67. Rf6 Rg3 68. Kc7 Ra3 69. Kd7 Ra7+ 70. Ke8 Ke5
71. Rg6 Rc7 72. Kf8 Kf5 73. Rh6 Rb7 74. Kg8 Ke5 75. Kh8 Rf7 76. Kg8 Rf4 77. Kh8
Rg4 78. Kh7 Kf5 79. Rh5+ Ke4 80. Kh8 Rg2 81. Kh7 Rg1 82. Kh8 Rg6 83. Kh7 Rg3
84. Kh8 Kd4 85. Kh7 Rg4 86. Kh8 Ke3 87. Kh7 Kf4 88. Kh6 Rg2 89. Rh4+ Ke5 90.
Kh7 Rg5 91. Kh8 Rg6 92. Kh7 Rg3 93. Kh8 Rg5 94. Kh7 Rg1 95. Kh8 Kd5 96. Kh7 Rg3
97. Kh8 Rg5 98. Kh7 Rg1 99. Kh8 Ke5 100. Kh7 Rg2 101. Kh6 Kf5 102. Rh3 Rg6+
103. Kh7 Rg5 104. Kh8 Kf6 105. Kh7 Ke5 106. Kh8 Kd5 107. Kh7 Ke4 108. Kh6 {
Game drawn by the 50 move rule} 1/2-1/2

[Event "ICS rated blitz match"]
[Site "204.178.125.65"]
[Date "2000.12.07"]
[Round "?"]
[White "ChesterX"]
[Black "Hossa"]
[Result "1-0"]
[WhiteElo "2550"]
[BlackElo "2521"]
[PlyCount "157"]
[EventDate "2000.??.??"]

1. e4 Nf6 2. e5 Nd5 3. d4 d6 4. c4 Nb6 5. f4 g6 6. Nf3 Bg7 7. Be2 Bg4 8. O-O
O-O 9. Nc3 c5 10. dxc5 dxc5 11. Be3 Na6 12. Qb3 f6 13. h3 Bd7 14. Nd5 fxe5 15.
Nxe5 Ba4 16. Qa3 Bc6 17. Nxc6 bxc6 18. Nc3 Bd4 19. Bxd4 Qxd4+ 20. Kh1 Nb4 21.
Rad1 Qe3 22. Qa5 Nc2 23. Rf3 Qe6 24. Qxc5 Rac8 25. Rd2 Rf5 26. Qg1 Nb4 27. Re3
Qf7 28. b3 Rxf4 29. a3 Na6 30. Bg4 Nc7 31. Bxc8 Rf1 32. Rd8+ Kg7 33. Rf3 Rxf3
34. gxf3 Qxf3+ 35. Qg2 Qxc3 36. Qe2 Qf6 37. Bg4 h5 38. Bf3 Ne6 39. Rd1 Nf4 40.
Qf1 c5 41. Bg2 g5 42. Qf2 Qf5 43. b4 cxb4 44. c5 bxa3 45. cxb6 axb6 46. Ra1 Qd3
47. Qxb6 Nxg2 48. Kxg2 Qe4+ 49. Kg1 Qd3 50. Ra2 Qxh3 51. Rg2 Qf5 52. Qc7 Qb1+
53. Kh2 Qe4 54. Rxg5+ Kf6 55. Rg3 Qe2+ 56. Rg2 Qe3 57. Qg3 Qe5 58. Qxe5+ Kxe5
59. Kg3 Kf5 60. Ra2 e5 61. Rxa3 Kg5 62. Rf3 h4+ 63. Kh3 e4 64. Rf7 e3 65. Rf8
e2 66. Re8 Kf4 67. Rxe2 Kf3 68. Re8 Kf4 69. Kxh4 Kf5 70. Kh5 Kf6 71. Kg4 Kf7
72. Re5 Kf6 73. Re4 Kg6 74. Rf4 Kh6 75. Kf5 Kg7 76. Kg5 Kh7 77. Kf6 Kh8 78. Kf7
Kh7 79. Rh4# {Hossa checkmated} 1-0

[Event "ICS rated blitz match"]
[Site "204.178.125.65"]
[Date "2000.12.07"]
[Round "?"]
[White "kakerlak"]
[Black "Hossa"]
[Result "0-1"]
[WhiteElo "2027"]
[BlackElo "2506"]
[PlyCount "28"]
[EventDate "2000.??.??"]

1. e4 c5 2. Nf3 Nc6 3. d4 cxd4 4. Nxd4 Nf6 5. Nc3 e5 6. Ndb5 d6 7. a4 a6 8. Na3
Bg4 9. f3 Be6 10. Be3 d5 11. exd5 Bxd5 12. Nxd5 Nxd5 13. Bf2 Qa5+ 14. c3 Nxc3 {
kakerlak resigns} 0-1

[Event "ICS rated standard match"]
[Site "204.178.125.65"]
[Date "2000.12.07"]
[Round "?"]
[White "BrazilianMaster"]
[Black "Hossa"]
[Result "1-0"]
[WhiteElo "2645"]
[BlackElo "2334"]
[PlyCount "143"]
[EventDate "2000.??.??"]

1. c4 Nf6 2. Nc3 g6 3. Nf3 Bg7 4. e4 d6 5. d4 O-O 6. Be2 e5 7. O-O exd4 8. Nxd4
Re8 9. f3 Nh5 10. g4 Nf6 11. Bg5 c6 12. Qd2 Qc7 13. Rad1 Na6 14. Nb3 Re6 15.
Bf4 Qb6+ 16. Nd4 Nd7 17. Be3 Bxd4 18. Bxd4 Qd8 19. f4 Qh4 20. f5 Re8 21. Bf2
Qf6 22. Qxd6 gxf5 23. Qxf6 Nxf6 24. exf5 Nd7 25. g5 Nb4 26. Rd2 b6 27. Rfd1 Nc5
28. a3 Nba6 29. b4 Nb3 30. Rb2 Bxf5 31. Re1 Re5 32. Rxb3 Bc2 33. Rb2 Rxg5+ 34.
Kh1 Bf5 35. b5 cxb5 36. Rxb5 Nc7 37. Re5 f6 38. Re7 Rg7 39. Bh5 Rxe7 40. Rxe7
Rc8 41. Bg3 Na6 42. Rxa7 Nc5 43. Bf7+ Kh8 44. Bh4 Ne4 45. Nxe4 Bxe4+ 46. Kg1
Rc6 47. Re7 Bf5 48. Bd5 Rd6 49. Re8+ Kg7 50. Rg8+ Kh6 51. Bg3 Rxd5 52. cxd5 b5
53. Bh4 Kh5 54. Bxf6 h6 55. d6 Be6 56. Rg7 Bf5 57. d7 Bxd7 58. Rxd7 Kg6 59. Bc3
h5 60. Rd5 b4 61. axb4 Kf7 62. b5 h4 63. b6 Ke6 64. Re5+ Kd6 65. b7 Kc7 66.
Re7+ Kd6 67. Bb4+ Kd5 68. b8=Q Kc4 69. Qc8+ Kb3 70. Qc3+ Ka4 71. Ra7+ Kb5 72.
Qc5# {Hossa checkmated} 1-0

[Event "ICS rated blitz match"]
[Site "204.178.125.65"]
[Date "2000.12.07"]
[Round "?"]
[White "Hossa"]
[Black "Amateur"]
[Result "0-1"]
[WhiteElo "2508"]
[BlackElo "2575"]
[PlyCount "96"]
[EventDate "2000.??.??"]

1. e4 e6 2. Nf3 d5 3. e5 Nd7 4. d4 c5 5. Be2 cxd4 6. Qxd4 Ne7 7. Bb5 Nf5 8. Qa4
Be7 9. O-O O-O 10. Qg4 Qc7 11. Nc3 Nxe5 12. Nxe5 Qxe5 13. Bd3 Bd6 14. g3 Qf6
15. Bg5 Qg6 16. Bxf5 exf5 17. Qh4 f6 18. Bf4 Bxf4 19. Qxf4 Rd8 20. Rfe1 Qf7 21.
Rad1 b6 22. Nb5 Qd7 23. Nd4 g6 24. Qh6 Re8 25. c3 Ba6 26. a3 Rxe1+ 27. Rxe1 Re8
28. Rd1 Re4 29. h3 Bb7 30. f3 Re8 31. Rd2 Qd6 32. Kg2 Ba6 33. Kf2 Re7 34. f4
Qc5 35. Kg2 Re1 36. Kh2 Bf1 37. Rc2 Bd3 38. Rd2 Be4 39. g4 fxg4 40. h4 Rh1+ 41.
Kg3 Rh3+ 42. Kf2 g3+ 43. Ke3 g2+ 44. Kf2 Rh1 45. Rd1 Rxd1 46. Qxg6+ hxg6 47.
Ke2 g1=Q 48. b3 Qe1# {Hossa checkmated} 0-1

[Event "ICS rated blitz match"]
[Site "204.178.125.65"]
[Date "2000.12.07"]
[Round "?"]
[White "toto"]
[Black "Hossa"]
[Result "0-1"]
[WhiteElo "2102"]
[BlackElo "2495"]
[PlyCount "48"]
[EventDate "2000.??.??"]

1. e4 c5 2. Nf3 Nc6 3. d4 cxd4 4. Nxd4 Nf6 5. Nc3 e5 6. Ndb5 d6 7. Bg5 a6 8.
Bxf6 gxf6 9. Na3 f5 10. Bd3 fxe4 11. Bxe4 Be6 12. Qh5 d5 13. Bf5 Bxf5 14. Qxf5
Bxa3 15. O-O-O Bd6 16. Nxd5 Nd4 17. Nf6+ Kf8 18. Rxd4 exd4 19. Nd7+ Kg7 20.
Qg4+ Kh6 21. Qh3+ Kg6 22. Qg4+ Qg5+ 23. Qxg5+ Kxg5 24. h4+ Kf5 {toto resigns}
0-1